<?xml version="1.0" encoding="UTF-8"?>
<record
    xmlns:xsi="http://www.w3.org/2001/XMLSchema-instance"
    xsi:schemaLocation="http://www.loc.gov/MARC21/slim http://www.loc.gov/standards/marcxml/schema/MARC21slim.xsd"
    xmlns="http://www.loc.gov/MARC21/slim">

  <leader>03940cam a22003375a 4500</leader>
  <datafield tag="999" ind1=" " ind2=" ">
    <subfield code="c">26852</subfield>
    <subfield code="d">26824</subfield>
  </datafield>
  <controlfield tag="005">20181017110419.0</controlfield>
  <controlfield tag="008">060317r20092006enk    frb    001 0 eng  </controlfield>
  <datafield tag="010" ind1=" " ind2=" ">
    <subfield code="a">  2006009433</subfield>
  </datafield>
  <datafield tag="020" ind1=" " ind2=" ">
    <subfield code="a">9780199299614</subfield>
  </datafield>
  <datafield tag="035" ind1=" " ind2=" ">
    <subfield code="a">(OCoLC)ocm64554669</subfield>
  </datafield>
  <datafield tag="040" ind1=" " ind2=" ">
    <subfield code="a">DLC</subfield>
    <subfield code="b">eng</subfield>
    <subfield code="c">DLC</subfield>
    <subfield code="d">UKM</subfield>
    <subfield code="d">BAKER</subfield>
    <subfield code="d">BWKUK</subfield>
    <subfield code="d">YDXCP</subfield>
    <subfield code="d">OCLCQ</subfield>
    <subfield code="d">COO</subfield>
    <subfield code="d">DLC</subfield>
    <subfield code="d">EG-ScBUE</subfield>
    <subfield code="d">EG-ScBUE</subfield>
  </datafield>
  <datafield tag="082" ind1="0" ind2="4">
    <subfield code="a">341.45</subfield>
    <subfield code="b">LAW</subfield>
    <subfield code="2">22</subfield>
  </datafield>
  <datafield tag="245" ind1="0" ind2="4">
    <subfield code="a">The law of the sea :</subfield>
    <subfield code="b">progress and prospects /</subfield>
    <subfield code="c">edited by David Freestone, Richard Barnes and David M. Ong.</subfield>
  </datafield>
  <datafield tag="250" ind1=" " ind2=" ">
    <subfield code="a">Reprinted ed.</subfield>
  </datafield>
  <datafield tag="260" ind1=" " ind2=" ">
    <subfield code="a">Oxford ;</subfield>
    <subfield code="a">New York :</subfield>
    <subfield code="b">Oxford University Press,</subfield>
    <subfield code="c">2009.</subfield>
  </datafield>
  <datafield tag="300" ind1=" " ind2=" ">
    <subfield code="a">xxxvi, 465 p. ;</subfield>
    <subfield code="c">24 cm.</subfield>
  </datafield>
  <datafield tag="500" ind1=" " ind2=" ">
    <subfield code="a">Reprint of the 2006 ed.</subfield>
  </datafield>
  <datafield tag="504" ind1=" " ind2=" ">
    <subfield code="a">Includes bibliographical references and index.</subfield>
  </datafield>
  <datafield tag="505" ind1="0" ind2=" ">
    <subfield code="a">The law of the sea: progress and prospects / Richard Barnes, David Freestone, and David M. Ong -- Reflection on the 1982 Convention on the Law of the Sea / L. Dolliver M. Nelson --
Further development of the 1982 Law of the Sea Convention: mechanisms for change / Alan Boyle -- The role of the United Nations in international oceans governance / Louise de La Fayette -- Administering the mineral resources of the deep seabed / Satya Nandan -- Towards an international law for the conservation of offshore hydrocarbon resources within the continental shelf? / David Ong -- The protection of underwater cultural heritage: Article 303 and the UNESCO Convention / Tullio Scovazzi -- Maritime boundary delimitation: where do we go from here? / Malcolm Evans -- Submissions to the CLCS in cases of unresolved land and maritime disputes: the significance of Article 76(10) of the Convention on the Law of the Sea / Constance Johnson and Alex Oude Elferink -- From permission to prohibition: the 1982 LOSC and protection of the marine environment / Catherine Redgwell -- Port State jurisdiction: towards mandatory and comprehensive use / Erik Jaap Molenaar -- The protection of biodiversity and fisheries management: issues raised by the relationship between CITES and LOSC / Erik Franckx -- The Convention on the Law of the Sea: an effective framework for domestic fisheries conservation? / Richard Barnes -- Marine mammals: exploiting the ambiguities of Article 65 LOSC and related provisions: practice under the International Convention for Regulation of Whaling / Patricia W. Birnie --High seas fisheries management under the LOSC / Kristina M. Gjerde -- The role of the World Bank and the global environment facility in the implementation of the regime of the Law of the Sea Convention / David Freestone -- Freedoms of the high sea in the modern law of the sea / David Anderson -- Freedom of navigation in a post 9/11 world: security and creeping jurisdiction / Stuart Kaye --
Security and the law of the sea in East Asia: navigational regimes and exclusive economic zones / Sam Bateman --
Some reflections on the operation of the dispute settlement system of the UN Convention of the Law of the Sea during its first decade / Robin Churchill -- A system for law of the sea dispute settlement / Tullio Treves -- The World Court and peaceful settlement of oceans disputes / Barbara Kwiatkowska.</subfield>
  </datafield>
  <datafield tag="520" ind1=" " ind2=" ">
    <subfield code="a">Presents a collection of essays on the law of the sea. This book focusses on topics of long-standing and contemporary concern, such as navigation, security and the protection of natural resources.

</subfield>
  </datafield>
  <datafield tag="650" ind1=" " ind2="7">
    <subfield code="a">Law of the sea</subfield>
    <subfield code="2">BUEsh</subfield>
    <subfield code="9">36993</subfield>
  </datafield>
  <datafield tag="651" ind1=" " ind2=" ">
    <subfield code="2">BUEsh</subfield>
  </datafield>
  <datafield tag="653" ind1=" " ind2=" ">
    <subfield code="b">BUSBOL</subfield>
    <subfield code="c">September2018</subfield>
    <subfield code="c">October2018</subfield>
  </datafield>
  <datafield tag="700" ind1="1" ind2=" ">
    <subfield code="a">Freestone, David,</subfield>
    <subfield code="t">editor.</subfield>
  </datafield>
  <datafield tag="700" ind1="1" ind2=" ">
    <subfield code="a">Barnes, Richard,</subfield>
    <subfield code="d">1972-,</subfield>
    <subfield code="t">editor.</subfield>
  </datafield>
  <datafield tag="700" ind1="1" ind2=" ">
    <subfield code="a">Ong, David M.,</subfield>
    <subfield code="t">editor.</subfield>
  </datafield>
  <datafield tag="856" ind1="4" ind2="1">
    <subfield code="3">Table of contents</subfield>
    <subfield code="u">http://www.loc.gov/catdir/enhancements/fy0640/2006009433-t.html</subfield>
  </datafield>
  <datafield tag="856" ind1="4" ind2="2">
    <subfield code="3">Contributor biographical information</subfield>
    <subfield code="u">http://www.loc.gov/catdir/enhancements/fy0726/2006009433-b.html</subfield>
  </datafield>
  <datafield tag="856" ind1="4" ind2="2">
    <subfield code="3">Publisher description</subfield>
    <subfield code="u">http://www.loc.gov/catdir/enhancements/fy0726/2006009433-d.html</subfield>
  </datafield>
  <datafield tag="942" ind1=" " ind2=" ">
    <subfield code="2">ddc</subfield>
  </datafield>
  <datafield tag="952" ind1=" " ind2=" ">
    <subfield code="0">0</subfield>
    <subfield code="1">0</subfield>
    <subfield code="2">ddc</subfield>
    <subfield code="4">0</subfield>
    <subfield code="7">0</subfield>
    <subfield code="8">Baccah</subfield>
    <subfield code="a">MAIN</subfield>
    <subfield code="b">MAIN</subfield>
    <subfield code="c">1ST</subfield>
    <subfield code="d">2018-09-24</subfield>
    <subfield code="e">Purchase</subfield>
    <subfield code="g">934.00</subfield>
    <subfield code="h">21201</subfield>
    <subfield code="l">2</subfield>
    <subfield code="m">1</subfield>
    <subfield code="o">341.45 LAW</subfield>
    <subfield code="p">000043218</subfield>
    <subfield code="r">2025-07-15 00:00:00</subfield>
    <subfield code="s">2024-07-21</subfield>
    <subfield code="v">1168.00</subfield>
    <subfield code="y">BB</subfield>
  </datafield>
</record>
